Popularizace chemie s využitím vybraných motivačních prvků /

Hlavní autor: Solárová, Marie, 1950-
Jazyk: Čeština
Vydáno: Ostrava : Ostravská univerzita v Ostravě, 2013
Vydání: Vyd. 1.
Témata:
Fyzický popis: 65 s. : barev. il. ; 30 cm
Knihy
Uloženo v:
LEADER 01586nam a2200469 a 4500
001 nkc20142564769
003 CZ PrNK
005 20140319062908.0
007 ta
008 140207s2013 xr a f f 000 0 cze
015 |a cnb002564769 
020 |a 978-80-7464-153-4  |q (brož.) 
035 |a (OCoLC)876341915 
040 |a ABA001  |b cze 
072 7 |a 54  |x Chemie. Mineralogické vědy  |2 Konspekt  |9 10 
080 |a 54  |2 MRF 
080 |a 001.92  |2 MRF 
080 |a 37.091.3  |2 MRF 
080 |a 159.947.5  |2 MRF 
080 |a (072)  |2 MRF 
100 1 |a Solárová, Marie,  |d 1950-  |7 ola20040618005  |4 aut 
245 1 0 |a Popularizace chemie s využitím vybraných motivačních prvků /  |c Marie Solárová 
250 |a Vyd. 1. 
260 |a Ostrava :  |b Ostravská univerzita v Ostravě,  |c 2013 
300 |a 65 s. :  |b barev. il. ;  |c 30 cm 
500 |a 100 výt. 
504 |a Obsahuje bibliografie a bibliografické odkazy 
650 0 7 |a chemie  |7 ph114237  |2 czenas 
650 0 7 |a popularizace vědy  |7 ph164938  |2 czenas 
650 0 7 |a studium a výuka  |7 ph136700  |2 czenas 
650 0 7 |a motivace  |7 ph115358  |2 czenas 
650 0 9 |a chemistry  |2 eczenas 
650 0 9 |a popularization of science  |2 eczenas 
650 0 9 |a study and teaching  |2 eczenas 
650 0 9 |a motivation (psychology)  |2 eczenas 
655 7 |a metodické příručky  |7 fd132826  |2 czenas 
655 9 |a methodological manuals  |2 eczenas 
910 2 |a BOA001  |b 4-1322.280 
990 |a BK 
995 |a 01 
991 |b 201403  |c NOV  |e n 
996 6 |b 2610582114  |c 4-1322.280  |l MZK  |r Sklad / do 1 hodiny  |n 6  |p p.v.  |w 001402806  |u 000010  |a 1  |e BOA001  |j MZK50  |s P